000 03744nam a22003377a 4500
001 TIC 0042
003 gtcocun
005 20250922154951.0
006 a||||gr|||| 00| 0
007 ta
008 250922b2024 gt ||||| m||| 00| 0 eng d
040 _agtcocun
_bSPA
_cgtcocun
_eRDA
041 _aSPA TIC 0042
084 _0TIC 0042
100 _aBuenafé Ramírez, César Antonio
_eAutor
245 _aINFORME FINAL DE EJERCICIO PROFESIONAL SUPERVISADO REALIZADO EN LA MUNICIPALIDAD DE SAN JUAN CHAMELCO, DEPARTAMENTO DE ALTA VERAPAZ./
_cCésar Antonio Buenafé Ramírez.
_hImpreso
264 _aCobán, Alta Verapaz:
_bUniversidad de San Carlos de Guatemala, Centro Universitario del Norte, Ingeniería Civil
_c2024
300 _a295 p.:
_bIlustraciones, gráficas.
_c28 cm;
300 _cPDF
336 _2rdacontenido
_aTexto
_btxt
337 _2rdamedio
_aComputadora
_bn
338 _2rdasoporte
_aCódigo en línea
_bcr
502 _eTIC 0042
502 _aTesis de grado
_bIngeniería Civil,
_cUniversidad de San Carlos de Guatemala, Centro Universitario del Norte, Ingeniería Civil
_d2024
_oTIC 0042
520 1 4 _aEl ejercicio profesional supervisado fue llevado a cabo en la Municipalidad de San Juan Chamelco, Alta Verapaz, bajo la supervisión del Centro Universitario del Norte en conjunto con el Programa de EPSUM. En este informe se presenta de forma detallada la propuesta técnica para abordar necesidades de infraestructura civil en el municipio de San Juan Chamelco, con el objetivo de promover su desarrollo. Este se extendió a lo largo de 8 meses y se dividió en las siguientes etapas: diagnóstico, plan de trabajo, ejecución de actividades y presentación de los resultados finales. Durante la primera etapa, el diagnóstico, se llevó a cabo una investigación que se centró en las necesidades de servicios esenciales en infraestructura para el desarrollo del municipio de San Juan Chamelco. Durante esta fase, se identificaron y clasificaron estas necesidades en función de su relevancia, con el propósito de desarrollar soluciones efectivas. Basándose en los hallazgos de la investigación, se decidió enfocar el diseño y la planificación en tres situaciones, dos de ellas en relación a infraestructura vial en diferentes comunidades del municipio y una en relación a los diferentes servicios que presta la municipalidad a los habitantes del pueblo, el diseño de un edificio para oficinas municipales. En la fase del plan de trabajo, se realizó un informe detallado y el cronograma en cada uno de los proyectos designados para elaborar, sobre las actividades a realizar para el diseño de estos. Para la fase de ejecución se llevó a cabo las actividades descritas en el plan de trabajo, se trató de cumplir con los tiempos de trabajo y diseño indicados en los cronogramas de cada uno de los proyectos asignados. En esta etapa aplicamos los conocimientos adquiridos a lo largo de nuestra formación académica universitaria, y generar un valioso intercambio de ideas y retroalimentación con profesionales supervisores. Esta colaboración permitió desarrollar enfoques efectivos para abordar desafíos técnicos específicos relacionados con la elaboración de los diseños. Por último, se exponen el análisis de los resultados, las conclusiones y las recomendaciones para el desarrollo de estos proyectos.
650 1 4 _2LEMB
_xIngeniería
_xDiseño
_xEjecución
_xFase
_xInfraestructura
_xInvestigación
700 _aIng. Civil. Jorge Haroldo Dubon Xitumul
_eAsesor
856 _uhttps://drive.google.com/file/d/12Ioy-mBlNy8fdzjw5Mp8AHDWz53PSgQW/view
_yPDF
_zUn ejemplar en línea.
942 _2ddc
_cTES
_iTIC 0042
_kClasificación
_n0
_6TIC_0042_000000000000000
999 _c2031
_d2031